| 000 | 00685nam a22002057a 4500 | ||
|---|---|---|---|
| 999 |
_c9808 _d9808 |
||
| 003 | AR-CdUCM | ||
| 008 | 190328b ||||| |||| 00| 0 spa d | ||
| 040 |
_aMUNICIPALIDAD PROVINCIAL DEL CUSCO _cBIBLIOTECA MUNICIPAL DEL CUSCO |
||
| 082 |
_a335.4 / _bP66 L / |
||
| 100 |
_aPlekhanov, Jorge _926259 |
||
| 245 | _aLas cuestiones fundamentales del marxismo / | ||
| 260 | _bManuales de cultura marxista. | ||
| 300 |
_a95 paginas ; _c18 cm. |
||
| 505 | _aContenido : Las cuestiones fundamentales del marxismo | ||
| 650 |
_aMaterialismo histórico. _94121 |
||
| 650 |
_aEconomía. Sociología. _926260 |
||
| 650 |
_aFilosofía. Marxismo _926261 |
||
| 942 |
_2ddc _cLIBROS |
||
| 945 | _awnts | ||